| 000 | 01283nam a22003617a 4500 | ||
|---|---|---|---|
| 003 | CHAP | ||
| 005 | 20220329143740.0 | ||
| 008 | 110531s1952 sp a r 00010 spa d | ||
| 010 | _a101362 | ||
| 011 | _a102334 | ||
| 035 | _a113022 | ||
| 040 | _cCHAP | ||
| 082 | 0 | 4 |
_a628.1 _bF64 |
| 100 | 1 |
_aFlinn, Alfred Douglas _941283 |
|
| 245 | 1 | 0 |
_aAbastecimiento de aguas : _bcaptación, conducción, depuración y distribución de aguas _c/por Alfred Douglas Flinn, Robert Spurr Weston y Clinton Lathrop Bogert |
| 260 |
_aBarcelona : _bLabor, _c1952 |
||
| 300 |
_axiii, 880 p. : _bilus., gráfs., tablas |
||
| 590 |
_aBATCH-UPD _b10 _c20130110 _lUCH01 _h1317 |
||
| 590 |
_aBATCH-UPD _b10 _c20130410 _lUCH01 _h0828 |
||
| 590 |
_aBATCH-UPD _b10 _c20130914 _lUCH01 _h0307 |
||
| 590 |
_aCONVERSION _b10 _c20130109 _lUCH01 _h1356 |
||
| 650 | 1 | 4 |
_aAgua _xAbastecimiento. _92223 |
| 650 | 1 | 4 |
_aAgua _xAlmacenamiento. _92279 |
| 650 | 1 | 4 |
_aAgua _xAprovechamiento. _92282 |
| 650 | 1 | 4 |
_aAgua _xDistribucion. _92366 |
| 650 | 1 | 4 |
_aAgua _xPurificacion. _92397 |
| 650 | 1 | 4 |
_aIngeniería hidráulica. _958235 |
| 700 | 1 |
_aBogert, Clinton Lathrop _913414 |
|
| 700 | 1 |
_aWeston, Robert Spurr _9121578 |
|
| 901 | _aBK | ||
| 942 | _cLIBRO | ||
| 949 |
_a628.1 F64 _bBC _cLIBRO _d33724002247389 _eLIBRO _h115089 _i113022 _sb |
||
| 999 |
_c101362 _d101362 |
||